000 01312naa a22003497a 4500
001 BR7907878
003 BR-BrBNA
005 20240918174516.0
007 ta
008 230509b bl.||||| |||| 00| 0 por d
040 _aBR-BrBNA
_bpor
_cBiblioteca Nacional de Agricultura
041 _a(Pt)
072 _aP05; Q10
_b9000
_bG514
090 _aP05 BR7907878
100 1 _aRoa, G.
100 1 _aVilla, L.G.
100 1 _aMacedo, I.C.
100 1 _aMeyer, J.A.
111 1 _a2. Congresso Latino-Americano de Energia Solar
_cJoao Pessoa, PB (Brazil)
_d13 Feb 1978
245 1 _aO programa de secagem de produtos biologicos mediante a utilizacao da energia solar na UNICAMP - metas e realizacoes ate dezembro de 1977 [Universidade Estadual de Campinas, Brasil]
260 3 _aJoao Pessoa, PB (Brasil):
_c1979.
500 _aAtas do 2. Congresso Latino-Americano de Energia Solar Joao Pessoa, PB (Brasil): 1979. v. 2 p. 557-566 (BR7907878-AM)P05
650 _aENERGIA SOLAR
650 _aSECAGEM
650 _aALIMENTO
650 _aRADIACAO SOLAR
650 _aCAMPINAS
650 _aSAO PAULO
773 0 _tAtas do 2. Congresso Latino-Americano de Energia Solar
_wP05 BR7907878
_gJoao Pessoa, PB (Brasil), 1979. v. 2 p. 557-566
909 _a202404
_bLucia
_c55
_dLucia Elande
942 _cAM
_2AGRIS
999 _c311680
_d311680